000 00476nam a22001817a 4500
003 CEME
005 20210628204054.0
008 210105b xxu||||| |||| 00| 0 eng d
020 _a9693518616
040 _cceme
082 _a923.4 IKR
100 _aMuhammad Akram Chughtai
_968587
245 _aMajmua syed jamal-ud-din afghani
260 _aLAHORE
_bSANG-E-MEEL PUB
_c2006
300 _a480P
650 _aBIOGRAPHY-SYED JAMAL-UD-DIN AFGHANI
_968588
942 _cBK
_2ddc
999 _c576124
_d576124